National prosperity, local choice and civic engagement (Record no. 105423)
[ view plain ]
| 000 -LEADER | |
|---|---|
| fixed length control field | 01578cam a2200241 4500 |
| 001 - CONTROL NUMBER | |
| control field | ##L133571 |
| 008 - FIXED-LENGTH DATA ELEMENTS--GENERAL INFORMATION | |
| fixed length control field | 110801s2006 000 0 eng u |
| 020 ## - INTERNATIONAL STANDARD BOOK NUMBER | |
| International Standard Book Number | 9781845321789 |
| 035 ## - SYSTEM CONTROL NUMBER | |
| System control number | (Sirsi) u133571 |
| 041 0# - LANGUAGE CODE | |
| Language code of text/sound track or separate title | eng |
| 050 04 - LIBRARY OF CONGRESS CALL NUMBER | |
| Classification number | 352.1 $2 18 |
| 110 1# - MAIN ENTRY--CORPORATE NAME | |
| Corporate name or jurisdiction name as entry element | United Kingdom |
| Subordinate unit | Lyons Inquiry into Local Government |
| 9 (RLIN) | 4927 |
| 240 00 - UNIFORM TITLE | |
| Uniform title | Lyons Inquiry |
| 245 00 - TITLE STATEMENT | |
| Title | National prosperity, local choice and civic engagement |
| Remainder of title | a new partnership between central and local government for the 21st century |
| Medium | [electronic resource] |
| 260 ## - PUBLICATION, DISTRIBUTION, ETC. | |
| Place of publication, distribution, etc. | London |
| Name of publisher, distributor, etc. | TSO |
| Date of publication, distribution, etc. | 2006 |
| 520 ## - SUMMARY, ETC. | |
| Summary, etc. | This report contains Sir Michael Lyons' latest thinking on local government's function, future role and funding. Lyons argues for a system of local government that can manage the increasing pressures on public expenditure, increase satisfaction and build more prosperous communities. He challenges central government to clear the space for effective place-shaping by setting fewer and better-focused targets and reducing supervision of local government by central government. He also urges local government to further raise its game, building on recent improvements, and promote effective local and energetic place-shaping. |
| 590 ## - LOCAL NOTE (RLIN) | |
| Local note | IKA230506 NTK |
| 650 24 - SUBJECT ADDED ENTRY--TOPICAL TERM | |
| Topical term or geographic name entry element | LYONS INQUIRY INTO LOCAL GOVERNMENT |
| 651 #4 - SUBJECT ADDED ENTRY--GEOGRAPHIC NAME | |
| Geographic name | England |
| Chronological subdivision | 886- |
| 690 ## - LOCAL SUBJECT ADDED ENTRY--TOPICAL TERM (OCLC, RLIN) | |
| Topical term or geographic name as entry element | MANAGEMENT-STRATEGIC MANAGEMENT |
| 856 40 - ELECTRONIC LOCATION AND ACCESS | |
| Uniform Resource Identifier | <a href="https://www.webarchive.org.uk/wayback/archive/20070428120000/http://www.lyonsinquiry.org.uk/docs/20060504%20Final%20Complete.pdf">https://www.webarchive.org.uk/wayback/archive/20070428120000/http://www.lyonsinquiry.org.uk/docs/20060504%20Final%20Complete.pdf</a> |
| Public note | View the report free of charge at http://www.webarchive.org.uk |
| 942 ## - ADDED ENTRY ELEMENTS (KOHA) | |
| Suppress in OPAC | 0 |
| Withdrawn status | Lost status | Source of classification or shelving scheme | Damaged status | Not for loan | Home library | Current library | Shelving location | Date acquired | Total Checkouts | Full call number | Barcode | Date last seen | Copy number | Price effective from | Koha item type |
|---|---|---|---|---|---|---|---|---|---|---|---|---|---|---|---|
| Dewey Decimal Classification | Virtual | Virtual | Online | 19/05/2006 | ONLINE PUBLICATION | 133571-2001 | 06/08/2019 | 1 | 06/08/2019 | Book |